LEADER 00750nam0 22002771i 450 001 990002109070403321 005 20061122105625.0 035 $a000210907 035 $aFED01000210907 035 $a(Aleph)000210907FED01 035 $a000210907 100 $a20030910d1993----km-y0itay50------ba 101 0 $aeng 102 $aUS 200 1 $a<>Contrary Farmer$fGene Logsdon 210 $aPost Mills (Vermont)$cChelsea Green Publishing Company$d1993 215 $a237 p.$d23 cm 610 0 $aAgricoltura 700 1$aLogsdon,$bGene$089281 801 0$aIT$bUNINA$gRICA$2UNIMARC 901 $aBK 912 $a990002109070403321 952 $a62 630 LOG$bDEPA 7284$fDAGEA 959 $aDAGEA 996 $aContrary Farmer$9395065 997 $aUNINA LEADER 01303nam a2200301 i 4500 001 991001071259707536 005 20020502183207.0 008 940215s1984 it ||| | ita 020 $a8814001391 035 $ab11459591-39ule_inst 035 $aPRUMB54442$9ExL 040 $aScuola per assistenti sociali$bita 082 0 $a346.45 100 1 $aFinocchiaro, Alfio$028898 245 10$aDiritto di famiglia :$bcommento sistematico della legge 19 maggio 1975, n. 151 :$blegislazione, dottrina, giurisprudenza /$cAlfio Finocchiaro, Mario Finocchiaro 260 $aMilano :$bA. Giuffrè,$c1984 300 $a2 v. ;$c25 cm. 500 $a1 : art. 1-89. - vii, 2688 p. complessive ; 25 cm. 500 $a2 : art. 90-240. 650 4$aDiritto di famiglia 700 1 $aFinocchiaro, Mario$eauthor$4http://id.loc.gov/vocabulary/relators/aut$028899 907 $a.b11459591$b02-04-14$c01-07-02 912 $a991001071259707536 945 $aLE024 D/B II 7$cV. 1$g1$i2024000021474$lle021$nex DUSS$o-$pE0.00$q-$rl$s- $t0$u0$v0$w0$x0$y.i11647449$z01-07-02 945 $aLE024 D/B II 8$cV. 2$g1$i2024000021481$lle021$nex DUSS$o-$pE0.00$q-$rl$s- $t0$u0$v0$w0$x0$y.i11647450$z01-07-02 996 $aDiritto di famiglia$9583227 997 $aUNISALENTO 998 $ale021$b01-01-94$cm$da $e-$fita$git $h0$i2